000
00283nam a22001217a 4500
008
170825b xxu||||| |||| 00| 0 eng d
041
_a
eng
080
_2
3 ED
_a
070
100
_a
40
101
_a
MED
245
_a
LEARNING THINK THINGS THROUGH
_c
NOSICH.G.M
942
_2
udc
_c
BK
999
_c
24990
_d
24990